Developing Cal Computers In The Curriculum (Record no. 293886)

MARC details
000 -LEADER
fixed length control field 00409nam a2200157Ia 4500
008 - FIXED-LENGTH DATA ELEMENTS--GENERAL INFORMATION
fixed length control field 230718s9999 xx 000 0 und d
041 ## - LANGUAGE CODE
Language code of text/sound track or separate title eng
082 ## - DEWEY DECIMAL CLASSIFICATION NUMBER
Classification number 371.59
Item number WAT
100 ## - MAIN ENTRY--PERSONAL NAME
Personal name Watson D.
9 (RLIN) 134328
245 ## - TITLE STATEMENT
Title Developing Cal Computers In The Curriculum
260 ## - PUBLICATION, DISTRIBUTION, ETC. (IMPRINT)
Date of publication, distribution, etc. 1987
Name of publisher, distributor, etc. Harper And Rao
300 ## - PHYSICAL DESCRIPTION
Extent 286
365 ## - TRADE PRICE
Currency code Rs.
Price amount 413.00
700 ## - ADDED ENTRY--PERSONAL NAME
Personal name Watson D.
9 (RLIN) 134328
906 ## - LOCAL DATA ELEMENT F, LDF (RLIN)
d B:20724-May-1995
c COMP
Holdings
Withdrawn status Lost status Damaged status Not for loan Home library Current library Date acquired Vendor Budget Code Cost, normal purchase price Bill number Total Checkouts Full call number Barcode Date last seen Cost, replacement price Bill Date Koha item type Original Barcode
        Cummins College of Engineering for Women Pune Cummins College of Engineering for Women Pune 06/06/1995 Book Space COMP 413.00 207   371.59 CCEP-BK-5091 18/07/2023 413.00 24/05/1995 Books 005091